Web, desarrollo de aplicaciones al descubierto /
Guardado en:
| Otros Autores: | , |
|---|---|
| Formato: | Libro |
| Idioma: | Undetermined English Spanish |
| Publicado: |
Madrid :
Prentice-Hall,
c1997.
|
| Materias: | |
| Etiquetas: |
Agregar Etiqueta
Sin Etiquetas, Sea el primero en etiquetar este registro!
|
| LEADER | 00794nam a22002175a 4500 | ||
|---|---|---|---|
| 001 | EIQ.libpla001921 | ||
| 008 | 070305s1997####sp#a##########001#0#und#d | ||
| 005 | 20070305173024.0 | ||
| 245 | 0 | 0 | |a Web, desarrollo de aplicaciones al descubierto / |c Bob Breedlove [et al.] ; traducción de María Antonia Menéndez. |
| 260 | |a Madrid : |b Prentice-Hall, |c c1997. | ||
| 300 | |a XIII, 979 p. : |b il. ; |c 24 cm. + |e 1 CD-ROM. | ||
| 500 | |a Traducción de: Web programming unleashed. | ||
| 500 | |a Incluye índice. | ||
| 020 | |a 8489660808 | ||
| 700 | 1 | |a Breedlove, Bob |q (Robert F.) | |
| 700 | 1 | |a Menéndez, María Antonia, |e tr. |4 trl | |
| 650 | 4 | |a Sitios web |x Diseño. | |
| 650 | 4 | |a Web sites |x Design. | |
| 040 | |a AR-BbSID |b spa |c AR-BbSID | ||
| 041 | 1 | |a eng |h spa | |
| 859 | |a AR-BbSID |b BIB. PLAPIQUI |h 001.644 04 |i W 38 |p 4899 | ||
